| 000 | 00441nam a22001337a 4500 | ||
|---|---|---|---|
| 020 | _a0-8273-3478-8 | ||
| 082 | _a621.56 WHI'R | ||
| 100 |
_aWHITENAW, W. C, JOHNSON, W. M _967158 |
||
| 245 | _aREGRIGERATION AND AIR CONDITIONING TECHNOLOGY, CONCEPT PROCEDURES AND TRONABLE SHOOTING TECHNIQUES | ||
| 260 |
_aUSA _bDELMAR _c1988 |
||
| 300 | _a205P | ||
| 650 |
_aREFRIGERATION AND REFRIGERATION MACHNINERY AIR CONDOTIONING _967159 |
||
| 942 | _cBK | ||
| 999 |
_c574998 _d574998 |
||